| 000 | 00392nam a2200145Ia 4500 | ||
|---|---|---|---|
| 008 | 230519s9999 xx 000 0 und d | ||
| 020 | _a978-81-95076-78-9 | ||
| 041 | _aeng | ||
| 082 | _aX/891/WAG/DB0956 | ||
| 100 |
_aWagh Mahendra _9180565 |
||
| 245 | _aHrunanubandh Raktache | ||
| 260 |
_bBharatiy Vichar Sadhana Pune Prakashan _aPune _c2021 |
||
| 300 | _a264p | ||
| 999 |
_c159540 _d159540 |
||